Introduction to chemical principles : (Record no. 6038)

MARC details
000 -LEADER
fixed length control field 01266nam a2200313 4500
001 - CONTROL NUMBER
control field 000
003 - CONTROL NUMBER IDENTIFIER
control field 000
005 - DATE AND TIME OF LATEST TRANSACTION
control field 20150421162053.0
007 - PHYSICAL DESCRIPTION FIXED FIELD--GENERAL INFORMATION
fixed length control field 000
008 - FIXED-LENGTH DATA ELEMENTS--GENERAL INFORMATION
fixed length control field 031208s2005 caua f 000 0 eng
010 ## - LIBRARY OF CONGRESS CONTROL NUMBER
LC control number 2003116275
020 ## - INTERNATIONAL STANDARD BOOK NUMBER
International Standard Book Number 0534407773
040 ## - CATALOGING SOURCE
Original cataloging agency UOEL
Transcribing agency DLC
Modifying agency DLC
050 00 - LIBRARY OF CONGRESS CALL NUMBER
Classification number QD45
Item number .W44 2005
082 00 - DEWEY DECIMAL CLASSIFICATION NUMBER
Classification number 540/.78
Edition number 22
100 1# - MAIN ENTRY--PERSONAL NAME
Personal name Weiner, Susan A.
245 10 - TITLE STATEMENT
Title Introduction to chemical principles :
Remainder of title a laboratory approach .
250 ## - EDITION STATEMENT
Edition statement 6th ed. /
Remainder of edition statement Susan A. Weiner.
260 ## - PUBLICATION, DISTRIBUTION, ETC. (IMPRINT)
Place of publication, distribution, etc. [Belmont, Calif.] :
Name of publisher, distributor, etc. Thomson Brooks/Cole,
Date of publication, distribution, etc. c2005.
300 ## - PHYSICAL DESCRIPTION
Extent ix, 416 p. :
Other physical details ill. ;
Dimensions 28 cm.
440 #0 - SERIES STATEMENT/ADDED ENTRY--TITLE
Title Brooks/Cole laboratory series for introductory chemistry
650 #0 - SUBJECT ADDED ENTRY--TOPICAL TERM
Topical term or geographic name as entry element Chemistry
Form subdivision Laboratory manuals.
856 42 - ELECTRONIC LOCATION AND ACCESS
Materials specified Contributor biographical information
Uniform Resource Identifier <a href="http://www.loc.gov/catdir/enhancements/fy1103/2003116275-b.html">http://www.loc.gov/catdir/enhancements/fy1103/2003116275-b.html</a>
Materials specified Publisher description
Uniform Resource Identifier <a href="http://www.loc.gov/catdir/enhancements/fy1103/2003116275-d.html">http://www.loc.gov/catdir/enhancements/fy1103/2003116275-d.html</a>
Materials specified Table of contents only
Uniform Resource Identifier <a href="http://www.loc.gov/catdir/enhancements/fy1103/2003116275-t.html">http://www.loc.gov/catdir/enhancements/fy1103/2003116275-t.html</a>
906 ## - LOCAL DATA ELEMENT F, LDF (RLIN)
a 7
b cbc
c origcop
d 3
e epcn
f 20
g y-gencatlg
942 ## - ADDED ENTRY ELEMENTS (KOHA)
Source of classification or shelving scheme Library of Congress Classification
Koha item type Loan - Normal on open shelf
Holdings
Withdrawn status Lost status Source of classification or shelving scheme Damaged status Not for loan Home library Current library Shelving location Date acquired Total Checkouts Full call number Barcode Date last seen Copy number Price effective from Koha item type
    Library of Congress Classification     UOE Main Library UOE Main Library Open shelf 21/04/2015   QD45 .W44 2005 20137356 27/04/2026 20137356 21/04/2015 Loan - Normal on open shelf
    Library of Congress Classification     UOE Main Library UOE Main Library Open shelf 28/04/2015   QD45 .W44 2005 20137357 27/04/2026 20137357 28/04/2015 Loan - Normal on open shelf
    Library of Congress Classification     UOE Main Library UOE Main Library Open shelf 28/04/2015   QD45 .W44 2005 20137358 27/04/2026 20137358 28/04/2015 Loan - Normal on open shelf